[Event "SUI-chT"]
[Site "Switzerland"]
[Date "2000.??.??"]
[Round "?"]
[White "Mohr, Stefan"]
[Black "Jussupow, Artur"]
[Result "0-1"]
[WhiteElo "2395"]
[BlackElo "2628"]
[PlyCount "96"]
[EventDate "2000.02.??"]
[EventType "team-tourn"]
[EventRounds "9"]
[EventCountry "SUI"]
[SourceTitle "EXT 2001"]
[Source "ChessBase"]
[SourceDate "2000.11.22"]
[SourceVersion "1"]
[SourceVersionDate "2000.11.22"]
[SourceQuality "1"]

1. d4 Nf6 2. c4 e6 3. Nc3 Bb4 4. Qc2 d5 5. cxd5 Qxd5 6. Nf3 Qf5 7. Qxf5 exf5 8. a3 Bd6 9. Nb5 Be6 10. e3 a6 11. Nxd6+ cxd6 12. Bd2 Ke7 13. Bd3 Rc8 14. 0-0 Nbd7 15. Rfc1 Nb6 16. Rxc8 Rxc8 17. Rc1 Nc4 18. Rc2 b5 19. b3 Nxd2 20. Nxd2 Rxc2 21. Bxc2 b4 22. axb4 Nd5 23. b5 axb5 24. Bd3 Bd7 25. g3 h6 26. h4 Kd8 27. Kf1 Kc7 28. Ke1 Kb6 29. e4 fxe4 30. Nxe4 Nb4 31. Bb1 Bf5 32. Kd2 Nc6 33. Bd3 Bxe4 34. Bxe4 Nxd4 35. Bd5 Kc5 36. Bxf7 b4 37. Kc1 Nc6 38. Kc2 Kd4 39. Be8 Ne5 40. Kd2 Nd3 41. f3 Nc5 42. Bf7 d5 43. Kc2 Nd7 44. Be6 Ne5 45. f4 Nf3 46. Bf7 Ke4 47. Bh5 Ke3 48. f5 Nd4+ 0-1

[Event "Bad Zwesten op 1st"]
[Site "Bad Zwesten"]
[Date "1997.??.??"]
[Round "2"]
[White "Mohr, Stefan"]
[Black "Heyme, Sibylle"]
[Result "1-0"]
[WhiteElo "2420"]
[BlackElo "2130"]
[PlyCount "55"]
[EventDate "1997.01.02"]
[EventType "swiss"]
[EventRounds "7"]
[EventCountry "GER"]
[SourceTitle "CBM 057 Extra"]
[Source "ChessBase"]
[SourceDate "1997.05.01"]
[SourceVersion "1"]
[SourceVersionDate "1997.05.01"]
[SourceQuality "1"]

1. d4 Nf6 2. c4 g6 3. Nc3 Bg7 4. e4 d6 5. Be2 0-0 6. Bg5 Nbd7 7. Qd2 c6 8. Nf3 Qc7 9. 0-0 a6 10. Rac1 e5 11. Rfd1 Re8 12. d5 c5 13. a3 b6 14. Rb1 Rb8 15. Qc2 Nh5 16. g3 Nhf6 17. b4 h6 18. Bd2 Kh7 19. Rb2 Bb7 20. Rdb1 Rec8 21. bxc5 bxc5 22. Qa4 Ne8 23. Nd1 Ndf6 24. Ba5 Qe7 25. Qc2 Qd7 26. Nc3 Bf8 27. Rb3 Ng7 28. Qb2 1-0

[Event "Zuerich op-B 21th"]
[Site "Zuerich"]
[Date "1997.??.??"]
[Round "?"]
[White "Roemer, Ulrich"]
[Black "Mohr, Stefan"]
[Result "1/2-1/2"]
[WhiteElo "2285"]
[BlackElo "2400"]
[PlyCount "95"]
[EventDate "1997.12.26"]
[EventType "swiss"]
[EventRounds "6"]
[EventCountry "SUI"]
[SourceTitle "CBM 062 Extra"]
[Source "ChessBase"]
[SourceDate "1998.03.09"]
[SourceVersion "1"]
[SourceVersionDate "1998.03.09"]
[SourceQuality "1"]

1. d4 d6 2. Nf3 g6 3. e4 Nf6 4. Nc3 Bg7 5. h3 0-0 6. Be3 a6 7. e5 Nfd7 8. e6 fxe6 9. Bc4 Nf6 10. Ng5 d5 11. Bb3 a5 12. a4 Na6 13. 0-0 b6 14. Re1 c5 15. Nb5 cxd4 16. Bxd4 Nc5 17. Bxc5 bxc5 18. Nxe6 Bxe6 19. Rxe6 c4 20. Ba2 Nh5 21. c3 Nf4 22. Re1 e5 23. b3 cxb3 24. Bxb3 Kh8 25. Ra2 Qg5 26. Qg4 Qxg4 27. hxg4 Rad8 28. Rd2 e4 29. Red1 Nd3 30. g5 Be5 31. g3 Nc5 32. Bc2 e3 33. fxe3 Bxg3 34. Rxd5 Rxd5 35. Rxd5 Bf2+ 36. Kg2 Bxe3 37. Nd4 Rf2+ 38. Kg3 Bxd4 39. cxd4 Rxc2 40. Rxc5 Rd2 41. d5 Rd3+ 42. Kg2 Rd4 43. Rxa5 Rg4+ 44. Kf3 Rxg5 45. Rb5 Rg1 46. Ke4 Kg7 47. Ke5 Re1+ 48. Kf4 1/2-1/2

[Event "Bundesliga 9596"]
[Site "Germany"]
[Date "1996.??.??"]
[Round "?.3"]
[White "Mohr, Stefan"]
[Black "Hoffmann, Michael"]
[Result "1/2-1/2"]
[WhiteElo "2440"]
[BlackElo "2460"]
[PlyCount "58"]
[EventDate "1995.10.14"]
[EventType "team-tourn"]
[EventRounds "15"]
[EventCountry "GER"]
[SourceTitle "GER-chT"]
[Source "ChessBase"]
[SourceDate "1999.07.01"]
[SourceVersion "1"]
[SourceVersionDate "1999.07.01"]
[SourceQuality "1"]
[WhiteTeam "Zaehringen"]
[BlackTeam "Castrop Rauxel"]
[WhiteTeamCountry "GER"]
[BlackTeamCountry "GER"]

1. d4 Nf6 2. c4 g6 3. Nc3 d5 4. Nf3 Bg7 5. Qb3 dxc4 6. Qxc4 0-0 7. Bf4 c6 8. e4 a5 9. Be2 a4 10. a3 Bg4 11. h3 Bxf3 12. Bxf3 Nfd7 13. e5 Nb6 14. Qd3 Na6 15. Rd1 Nc7 16. 0-0 Nbd5 17. Bg5 f6 18. exf6 exf6 19. Bd2 Rf7 20. Rfe1 f5 21. Nxd5 Nxd5 22. Bc3 Rd7 23. Qc4 Qf6 24. Re2 Qf7 25. Rde1 Bf6 26. g3 Kg7 27. Bxd5 Qxd5 28. Qxd5 cxd5 29. Re8 Rxe8 1/2-1/2

[Event "SUI-chT"]
[Site "Switzerland"]
[Date "1996.??.??"]
[Round "8"]
[White "Mohr, Stefan"]
[Black "Hort, Vlastimil"]
[Result "0-1"]
[WhiteElo "2420"]
[BlackElo "2545"]
[PlyCount "74"]
[EventDate "1996.??.??"]
[EventType "team-tourn"]
[EventRounds "9"]
[EventCountry "SUI"]
[SourceTitle "CBM 055 Extra"]
[Source "ChessBase"]
[SourceDate "1997.01.01"]
[SourceVersion "1"]
[SourceVersionDate "1997.01.01"]
[SourceQuality "1"]

1. d4 Nf6 2. c4 e6 3. Nc3 Bb4 4. Qc2 0-0 5. a3 Bxc3+ 6. Qxc3 b6 7. Bg5 h6 8. Bh4 Ba6 9. e3 d6 10. Bd3 Nbd7 11. Nf3 c5 12. b4 cxd4 13. exd4 Rc8 14. Qb3 Qc7 15. Nd2 Nh5 16. Bg3 Nxg3 17. hxg3 d5 18. cxd5 Bxd3 19. Qxd3 exd5 20. 0-0 Qc2 21. Qb5 Nf6 22. Nf3 Qc4 23. Qa4 Rc7 24. Qd1 Ne4 25. Ne5 Qb5 26. Qh5 Rfc8 27. Rfe1 Nf6 28. Qf5 Qa4 29. Ng4 Nxg4 30. Qxg4 Qd7 31. Qxd7 Rxd7 32. Re3 Rc4 33. Rd1 f6 34. g4 Kf7 35. f3 Rc2 36. Kh2 Rdc7 37. f4 Rf2 0-1

[Event "Bundesliga 9596"]
[Site "Germany"]
[Date "1996.??.??"]
[Round "?.4"]
[White "Mohr, Stefan"]
[Black "Meister, Peter"]
[Result "1-0"]
[WhiteElo "2440"]
[BlackElo "2385"]
[PlyCount "91"]
[EventDate "1995.10.14"]
[EventType "team-tourn"]
[EventRounds "15"]
[EventCountry "GER"]
[SourceTitle "GER-chT"]
[Source "ChessBase"]
[SourceDate "1999.07.01"]
[SourceVersion "1"]
[SourceVersionDate "1999.07.01"]
[SourceQuality "1"]
[WhiteTeam "Zaehringen"]
[BlackTeam "Bamberg"]
[WhiteTeamCountry "GER"]
[BlackTeamCountry "GER"]

1. d4 d5 2. c4 e6 3. Nc3 Nf6 4. cxd5 exd5 5. Bg5 c6 6. Qc2 Be7 7. e3 Nbd7 8. Bd3 0-0 9. Nf3 Re8 10. h3 Nf8 11. 0-0-0 a5 12. g4 a4 13. Nxa4 Qa5 14. Nc3 b5 15. Bxf6 Bxf6 16. g5 Be7 17. Ne5 Bxg5 18. Nxc6 Qb6 19. h4 Bd8 20. Nxd5 Qb7 21. Kb1 Bd7 22. Ndb4 Ba5 23. Nxa5 Rxa5 24. d5 Ra4 25. Qd2 Ng6 26. Bxg6 hxg6 27. f3 Qa7 28. Rhe1 Qc5 29. a3 Qd6 30. Rg1 Raa8 31. e4 f5 32. h5 fxe4 33. Rxg6 Qe5 34. f4 Qxh5 35. Rdg1 Re7 36. Qd4 Qh7 37. d6 Rf7 38. Rxg7+ Rxg7 39. Qd5+ Kf8 40. Qxa8+ Kf7 41. Qd5+ Kf8 42. Rxg7 Kxg7 43. Qg5+ Kf8 44. Qf6+ Ke8 45. Nd5 e3+ 46. Ka2 1-0

[Event "SUI-chT"]
[Site "Switzerland"]
[Date "1996.??.??"]
[Round "7"]
[White "Schmidt Schaeffer, Sebastian"]
[Black "Mohr, Stefan"]
[Result "1/2-1/2"]
[WhiteElo "2405"]
[BlackElo "2420"]
[PlyCount "38"]
[EventDate "1996.??.??"]
[EventType "team-tourn"]
[EventRounds "9"]
[EventCountry "SUI"]
[SourceTitle "CBM 055 Extra"]
[Source "ChessBase"]
[SourceDate "1997.01.01"]
[SourceVersion "1"]
[SourceVersionDate "1997.01.01"]
[SourceQuality "1"]

1. e4 d6 2. d4 g6 3. Nc3 Bg7 4. Be3 c6 5. Qd2 Nd7 6. a4 Ngf6 7. f3 0-0 8. Nh3 e5 9. dxe5 Nxe5 10. Nf2 Be6 11. 0-0-0 d5 12. Bd4 Qc7 13. exd5 cxd5 14. Nb5 Qb8 15. Qg5 Nfd7 16. f4 h6 17. Qg3 Nc6 18. Bxg7 Kxg7 19. Nd4 Nxd4 1/2-1/2

[Event "Bundesliga 9495"]
[Site "Germany"]
[Date "1995.??.??"]
[Round "?.4"]
[White "Mohr, Stefan"]
[Black "Heissler, Jakob"]
[Result "0-1"]
[WhiteElo "2455"]
[BlackElo "2440"]
[PlyCount "114"]
[EventDate "1994.10.08"]
[EventType "team-tourn"]
[EventRounds "15"]
[EventCountry "GER"]
[SourceTitle "GER-chT"]
[Source "ChessBase"]
[SourceDate "1999.07.01"]
[SourceVersion "1"]
[SourceVersionDate "1999.07.01"]
[SourceQuality "1"]
[WhiteTeam "Duisburg"]
[BlackTeam "Werder Bremen"]
[WhiteTeamCountry "GER"]
[BlackTeamCountry "GER"]

1. d4 Nf6 2. c4 g6 3. Nc3 Bg7 4. e4 d6 5. Be2 0-0 6. Bg5 Nbd7 7. Qd2 c6 8. Nf3 e5 9. 0-0 Re8 10. d5 cxd5 11. cxd5 Nc5 12. Qc2 Bd7 13. b4 Na6 14. a3 h6 15. Bd2 Rc8 16. Rac1 Nc7 17. Qb1 Nh5 18. g3 Bg4 19. Rfe1 Qd7 20. Qd3 Rf8 21. Nh4 Bxe2 22. Qxe2 a6 23. a4 Qh3 24. Qf1 Qd7 25. b5 axb5 26. Nxb5 Nxb5 27. Qxb5 Qxb5 28. axb5 Nf6 29. f3 Rfe8 30. Ng2 Nd7 31. Bb4 Bf8 32. Ne3 Nb6 33. Kf2 Be7 34. Ke2 Rxc1 35. Rxc1 Rc8 36. Ra1 Kf8 37. Ra7 Rb8 38. Ba5 Nc8 39. Bc7 Nxa7 40. Bxb8 Nxb5 41. Nc4 Ke8 42. f4 f6 43. Kd3 Kd8 44. Nb6 h5 45. fxe5 dxe5 46. Kc4 Nd6+ 47. Bxd6 Bxd6 48. Kb5 f5 49. Nc4 Kc7 50. Nd2 Be7 51. h3 Bg5 52. Nf3 Bf6 53. Nd2 Be7 54. Kc4 Kd6 55. Kb5 fxe4 56. Kc4 b5+ 57. Kxb5 Kxd5 0-1

[Event "Bundesliga 9495"]
[Site "Germany"]
[Date "1995.??.??"]
[Round "?.4"]
[White "Mueller, Karsten"]
[Black "Mohr, Stefan"]
[Result "1-0"]
[WhiteElo "2470"]
[BlackElo "2455"]
[PlyCount "177"]
[EventDate "1994.10.08"]
[EventType "team-tourn"]
[EventRounds "15"]
[EventCountry "GER"]
[SourceTitle "GER-chT"]
[Source "ChessBase"]
[SourceDate "1999.07.01"]
[SourceVersion "1"]
[SourceVersionDate "1999.07.01"]
[SourceQuality "1"]
[WhiteTeam "Hamburger SK"]
[BlackTeam "Duisburg"]
[WhiteTeamCountry "GER"]
[BlackTeamCountry "GER"]

1. e4 d6 2. d4 g6 3. Nc3 Bg7 4. Nf3 Nf6 5. Bg5 c6 6. a4 Qa5 7. Bd2 Qc7 8. Bc4 0-0 9. e5 dxe5 10. dxe5 Ng4 11. e6 fxe6 12. Qe2 Ne5 13. Nxe5 Qxe5 14. Ne4 Nd7 15. 0-0 Nb6 16. Bc3 Qf4 17. Bxg7 Kxg7 18. Bb3 Qe5 19. Rfe1 Nd5 20. Qd2 Qf4 21. Qd4+ e5 22. Qc5 Be6 23. Rad1 Rac8 24. f3 b6 25. Qf2 h6 26. Qe2 Rcd8 27. Nf2 Nc7 28. Rxd8 Rxd8 29. Qxe5+ Qxe5 30. Rxe5 Kf7 31. Re2 Bxb3 32. cxb3 h5 33. g3 Ne6 34. Kg2 c5 35. h4 Rd4 36. Ne4 Rb4 37. Re3 Nd4 38. Nd2 Nf5 39. Rd3 Nd4 40. Kf2 e6 41. Rc3 Nf5 42. Rc4 e5 43. Rxb4 cxb4 44. g4 Nd6 45. Ke3 Ke6 46. Nf1 Nb7 47. Kd3 Nd6 48. Ng3 g5 49. hxg5 h4 50. Nf1 Kf7 51. Ke3 Kg6 52. f4 exf4+ 53. Kxf4 Nb7 54. Nd2 Nc5 55. Nf3 h3 56. Ne5+ Kg7 57. Kg3 Nxb3 58. Nc4 Nc5 59. a5 b5 60. Ne5 b3 61. Kxh3 a6 62. Kg3 Nb7 63. Nc6 Nd6 64. Nb4 Nc4 65. Nxa6 Nxa5 66. Nc5 Nc4 67. Nd3 Kf7 68. Kf3 Kg7 69. Ke4 Kh7 70. Kd4 Kg7 71. g6 Kf6 72. Kc3 Kxg6 73. Kxb3 Kg5 74. Nf2 Kf4 75. Kc3 Na5 76. Kd4 Nc4 77. b3 Na5 78. b4 Nc4 79. Nd3+ Kg5 80. Ne5 Na3 81. Kc3 Kf4 82. Kb2 Kxe5 83. Kxa3 Kf4 84. Kb3 Kxg4 85. Kc3 Kf5 86. Kd4 Ke6 87. Kc5 Kd7 88. Kxb5 Kc7 89. Ka6 1-0

[Event "Bundesliga 9495"]
[Site "Germany"]
[Date "1995.??.??"]
[Round "?.4"]
[White "Palkovi, Jozsef"]
[Black "Mohr, Stefan"]
[Result "1-0"]
[WhiteElo "2420"]
[BlackElo "2455"]
[PlyCount "97"]
[EventDate "1994.10.08"]
[EventType "team-tourn"]
[EventRounds "15"]
[EventCountry "GER"]
[SourceTitle "GER-chT"]
[Source "ChessBase"]
[SourceDate "1999.07.01"]
[SourceVersion "1"]
[SourceVersionDate "1999.07.01"]
[SourceQuality "1"]
[WhiteTeam "Tuebingen"]
[BlackTeam "Duisburg"]
[WhiteTeamCountry "GER"]
[BlackTeamCountry "GER"]

1. e4 d6 2. d4 g6 3. Nc3 Bg7 4. g3 Nf6 5. Bg2 0-0 6. Nge2 e5 7. h3 c6 8. a4 Na6 9. 0-0 Nb4 10. Be3 a5 11. g4 Be6 12. d5 Bd7 13. Ng3 Rc8 14. Qd2 Ne8 15. f4 cxd5 16. exd5 exf4 17. Bxf4 Rc4 18. Nge2 f5 19. g5 Be5 20. h4 h6 21. b3 Rc8 22. Rac1 hxg5 23. hxg5 Ng7 24. Rf2 Nh5 25. Bxe5 dxe5 26. d6 e4 27. Nd5 Nxd5 28. Qxd5+ Rf7 29. Qd2 Qb6 30. Qd4 Qxd4 31. Nxd4 Rc3 32. Rcf1 Ng3 33. Re1 Kg7 34. Bf1 e3 35. Rf3 f4 36. Bc4 Rxc4 37. bxc4 Bg4 38. Rxg3 fxg3 39. Rxe3 Rf4 40. c3 Kf7 41. Rxg3 Ke8 42. Re3+ Kd7 43. c5 Rf7 44. Re4 Bd1 45. Re6 Rg7 46. Rf6 Bxa4 47. Nf3 Kc6 48. Rf4 b5 49. Ne5+ 1-0

[Event "EU-Cup 10th Group3"]
[Site "Strasbourg"]
[Date "1994.09.02"]
[Round "1"]
[White "Mohr, Stefan"]
[Black "Kurajica, Bojan"]
[Result "1/2-1/2"]
[WhiteElo "2455"]
[BlackElo "2565"]
[PlyCount "146"]
[EventDate "1994.09.02"]
[EventType "team-k.o."]
[EventRounds "3"]
[EventCountry "FRA"]
[SourceTitle "EXT 2020"]
[Source "ChessBase"]
[SourceDate "2019.10.17"]
[SourceVersion "1"]
[SourceVersionDate "2019.10.17"]
[SourceQuality "1"]
[WhiteTeam "Duisburg PSV"]
[BlackTeam "Sarajevo Bosna"]
[WhiteTeamCountry "GER"]
[BlackTeamCountry "BIH"]

1. d4 Nf6 2. c4 e6 3. Nc3 Bb4 4. Qc2 0-0 5. a3 Bxc3+ 6. Qxc3 d6 7. g3 e5 8. dxe5 dxe5 9. Bg2 Re8 10. Nf3 Nc6 11. Be3 Bg4 12. h3 Bf5 13. 0-0 Ne4 14. Qc1 h6 15. Rd1 Qf6 16. b3 a5 17. Qb2 Qe6 18. g4 Bh7 19. Rac1 Rad8 20. Rxd8 Rxd8 21. b4 axb4 22. axb4 Qf6 23. Kf1 Nd4 24. Rd1 Nc2 25. Rxd8+ Qxd8 26. Kg1 Nxe3 27. fxe3 f6 28. c5 Kh8 29. Kh2 c6 30. Nh4 Ng5 31. b5 e4 32. bxc6 Qc7+ 33. Kh1 Qxc6 34. Qd4 Ne6 35. Qd6 Qc8 36. c6 bxc6 37. Nf5 Bxf5 38. gxf5 Ng5 39. Qe7 Qxf5 40. h4 Nh3 41. Qe8+ Kh7 42. Qxc6 h5 43. Kh2 Nf2 44. Kg1 Kh6 45. Qe8 Ng4 46. Qh8+ Qh7 47. Qxh7+ Kxh7 48. Bxe4+ g6 49. Bd3 Nxe3 50. Kf2 Ng4+ 51. Kg3 Kg7 52. Kf4 Ne5 53. Bc2 Kf7 54. Bb3+ Ke7 55. Bc2 Kd6 56. Bb1 Kc5 57. Ke3 Kc4 58. Ke4 Kc5 59. Ke3 Kd6 60. Ke4 Nd7 61. Kf4 Nf8 62. Ba2 Ne6+ 63. Ke4 f5+ 64. Kf3 Nd4+ 65. Kf2 Ke5 66. e3 Nb5 67. Bf7 Kf6 68. Be8 Nd6 69. Bc6 f4 70. exf4 Nf5 71. Be4 Nxh4 72. Kg3 g5 73. fxg5+ Kxg5 1/2-1/2

[Event "Bundesliga 9495"]
[Site "Germany"]
[Date "1994.??.??"]
[Round "?.4"]
[White "Mohr, Stefan"]
[Black "Rabiega, Robert"]
[Result "0-1"]
[WhiteElo "2455"]
[BlackElo "2475"]
[PlyCount "80"]
[EventDate "1994.10.08"]
[EventType "team-tourn"]
[EventRounds "15"]
[EventCountry "GER"]
[SourceTitle "GER-chT"]
[Source "ChessBase"]
[SourceDate "1999.07.01"]
[SourceVersion "1"]
[SourceVersionDate "1999.07.01"]
[SourceQuality "1"]
[WhiteTeam "Duisburg"]
[BlackTeam "Berlin Empor"]
[WhiteTeamCountry "GER"]
[BlackTeamCountry "GER"]

1. d4 d5 2. c4 e6 3. Nc3 Nf6 4. cxd5 exd5 5. Bg5 c6 6. Qc2 Be7 7. e3 Nbd7 8. Bd3 0-0 9. Nf3 Re8 10. h3 Nf8 11. 0-0-0 Be6 12. g4 N6d7 13. Bxe7 Qxe7 14. Kb1 Rac8 15. Rhg1 a6 16. h4 c5 17. Ng5 h6 18. Nxe6 Nxe6 19. g5 cxd4 20. exd4 hxg5 21. hxg5 g6 22. f4 Nxf4 23. Qh2 Qe3 24. Rh1 Nh5 25. Be2 Rxc3 26. Bxh5 Rd3 27. Rxd3 Qxd3+ 28. Ka1 gxh5 29. Qxh5 Qxd4 30. g6 Re7 31. Qh7+ Kf8 32. gxf7 Rxf7 33. Qh6+ Kg8 34. a3 Nf8 35. Rh4 Qg1+ 36. Ka2 Rh7 37. Qf4 Rxh4 38. Qxh4 Qg6 39. Qe7 Qf7 40. Qg5+ Ng6 0-1

[Event "Bundesliga 9495"]
[Site "Germany"]
[Date "1994.??.??"]
[Round "?.4"]
[White "Mohr, Stefan"]
[Black "Uhlmann, Wolfgang"]
[Result "0-1"]
[WhiteElo "2455"]
[BlackElo "2465"]
[PlyCount "60"]
[EventDate "1994.10.08"]
[EventType "team-tourn"]
[EventRounds "15"]
[EventCountry "GER"]
[SourceTitle "GER-chT"]
[Source "ChessBase"]
[SourceDate "1999.07.01"]
[SourceVersion "1"]
[SourceVersionDate "1999.07.01"]
[SourceQuality "1"]
[WhiteTeam "Duisburg"]
[BlackTeam "Dresden"]
[WhiteTeamCountry "GER"]
[BlackTeamCountry "GER"]

1. d4 Nf6 2. c4 g6 3. Nc3 Bg7 4. e4 d6 5. Be2 0-0 6. Bg5 Na6 7. f4 c6 8. Nf3 Nc7 9. Qd2 d5 10. Bxf6 exf6 11. exd5 cxd5 12. c5 Bf5 13. 0-0 Be4 14. Rac1 Ne6 15. b4 f5 16. Nb5 Bh6 17. g3 g5 18. Ne5 gxf4 19. c6 bxc6 20. Rxc6 Qg5 21. Nxf7 Kxf7 22. Nd6+ Ke7 23. Nxe4 fxe4 24. b5 f3 25. Qb4+ Kf7 26. Qd6 Rae8 27. Bxf3 Kg8 28. Bg2 Qe3+ 29. Kh1 Rxf1+ 30. Bxf1 Qf3+ 0-1

[Event "Bundesliga 9293"]
[Site "Germany"]
[Date "1992.??.??"]
[Round "?.5"]
[White "Mohr, Stefan"]
[Black "Borriss, Martin"]
[Result "1-0"]
[WhiteElo "2440"]
[BlackElo "2375"]
[PlyCount "121"]
[EventDate "1992.10.24"]
[EventType "team-tourn"]
[EventRounds "15"]
[EventCountry "GER"]
[SourceTitle "GER-chT"]
[Source "ChessBase"]
[SourceDate "1999.07.01"]
[SourceVersion "1"]
[SourceVersionDate "1999.07.01"]
[SourceQuality "1"]
[WhiteTeam "Sindelfingen"]
[BlackTeam "Dresden"]
[WhiteTeamCountry "GER"]
[BlackTeamCountry "GER"]

1. d4 Nf6 2. c4 g6 3. Nc3 Bg7 4. e4 d6 5. Be2 0-0 6. Bg5 h6 7. Be3 Nbd7 8. f3 c5 9. d5 a6 10. a4 Ne5 11. f4 Neg4 12. Bd2 h5 13. h3 Nh6 14. Nf3 e6 15. dxe6 Bxe6 16. 0-0 Nh7 17. Ng5 Qd7 18. Nxh7 Kxh7 19. f5 gxf5 20. Bd3 Bd4+ 21. Kh1 f6 22. Qxh5 Qg7 23. exf5 Bf7 24. Qf3 Rh8 25. Ne2 Ng4 26. Nxd4 Ne5 27. Qe4 cxd4 28. Bf4 Rag8 29. Bxe5 dxe5 30. b4 a5 31. b5 b6 32. Rac1 Rc8 33. Rc2 Rc7 34. Qe2 Qg5 35. g4 Kg7 36. Kg2 Rc5 37. Qf3 Rhc8 38. Rfc1 R8c7 39. Qg3 e4 40. Bxe4 Bxc4 41. h4 Qe3 42. Qxe3 dxe3 43. Kf3 e2 44. Kf2 Rd7 45. Bf3 Rd4 46. Bxe2 Bxe2 47. Rxc5 bxc5 48. Kxe2 Rxg4 49. Rb1 Rxa4 50. b6 Re4+ 51. Kd3 Rd4+ 52. Kc3 Rd8 53. Kc4 Kh6 54. b7 Rb8 55. Kxc5 Kh5 56. Kb6 Kg4 57. Rb5 a4 58. Ra5 Kxh4 59. Rxa4+ Kg5 60. Ra5 Rh8 61. Ka7 1-0

[Event "Bundesliga 9192"]
[Site "Germany"]
[Date "1992.??.??"]
[Round "?.3"]
[White "Mohr, Stefan"]
[Black "Schmittdiel, Eckhard"]
[Result "0-1"]
[WhiteElo "2455"]
[BlackElo "2485"]
[PlyCount "120"]
[EventDate "1991.10.12"]
[EventType "team-tourn"]
[EventRounds "15"]
[EventCountry "GER"]
[SourceTitle "GER-chT"]
[Source "ChessBase"]
[SourceDate "1999.07.01"]
[SourceVersion "1"]
[SourceVersionDate "1999.07.01"]
[SourceQuality "1"]
[WhiteTeam "Solingen"]
[BlackTeam "Dortmund"]
[WhiteTeamCountry "GER"]
[BlackTeamCountry "GER"]

1. d4 Nf6 2. c4 e6 3. Nc3 Bb4 4. Qc2 0-0 5. a3 Bxc3+ 6. Qxc3 a5 7. Bg5 d6 8. f3 h6 9. Bh4 Qe7 10. e4 e5 11. Ne2 Re8 12. Qc2 Nbd7 13. Rd1 c6 14. Nc3 Nf8 15. d5 Ng6 16. Bf2 cxd5 17. cxd5 Bd7 18. a4 Rec8 19. h4 Ne8 20. h5 Nf8 21. Bh4 f6 22. Bd3 Nc7 23. Qb3 Be8 24. Bf2 Na6 25. Bb5 Nc5 26. Qa3 Nfd7 27. g4 Nb6 28. Bxe8 Qxe8 29. Nb5 Nc4 30. Qa2 Nxa4 31. Qxa4 Nxb2 32. Qb3 Nxd1 33. Kxd1 a4 34. Qb4 a3 35. Kd2 a2 36. Ra1 f5 37. exf5 e4 38. fxe4 Qe5 39. Qd4 Qh2 40. Nc3 Ra3 41. Ne2 b5 42. f6 Rf3 43. Be3 Rxf6 44. Rxa2 Qg2 45. g5 hxg5 46. Ra1 Rc4 47. Qd3 Qxe4 48. Qxe4 Rxe4 49. Bd4 Rf7 50. Rg1 Rf5 51. Kd3 Rh4 52. Be3 Rxd5+ 53. Nd4 Rh3 54. Rg4 b4 55. Re4 b3 56. Kc3 Re5 57. Rxe5 dxe5 58. Nf5 Rf3 59. Ne7+ Kf7 60. Nd5 Ke6 0-1

[Event "Bad Lauterberg Bohemia"]
[Site "Bad Lauterberg"]
[Date "1991.11.13"]
[Round "8"]
[White "Dautov, Rustem"]
[Black "Mohr, Stefan"]
[Result "1-0"]
[WhiteElo "2595"]
[BlackElo "2465"]
[PlyCount "61"]
[EventDate "1991.11.05"]
[EventType "tourn"]
[EventRounds "11"]
[EventCountry "GER"]
[EventCategory "10"]
[SourceTitle "CBM 027"]
[Source "ChessBase"]
[SourceDate "1992.04.01"]
[SourceVersion "1"]
[SourceVersionDate "1992.04.01"]
[SourceQuality "1"]

1. d4 d6 2. Nf3 Bg4 3. e4 Nf6 4. Bd3 e5 5. c3 Nbd7 6. 0-0 Be7 7. Re1 0-0 8. Nbd2 d5 9. exd5 exd4 10. c4 Nc5 11. Qc2 c6 12. dxc6 bxc6 13. Ne5 Bd6 14. Ndf3 Nxd3 15. Qxd3 c5 16. Nxg4 Nxg4 17. h3 Nf6 18. Bg5 Be7 19. Re5 Qd6 20. Rae1 Bd8 21. Qf5 Qb6 22. b3 g6 23. Qf4 Nh5 24. Qe4 Bxg5 25. Nxg5 Rac8 26. Nxh7 f5 27. Qh4 Kxh7 28. Re6 Qd8 29. Re7+ Kg8 30. Qg5 Rf7 31. Qxg6+ 1-0